000 01065cam a22002415a 4500
001 L138177
008 070521s2007 xxkado f 000 0 eng d
020 _a9781860819711
035 _a(Sirsi) u138177
041 0 _aeng
050 0 4 _a624.15 $2 18
100 1 _aButcher, A. P.
245 0 0 _aPrincipal drivers for reusing foundations
260 _aWatford
_bIHS BRE Press
_c2007
300 _a6p.
_bill.
_c30cm.
490 0 _aBRE Information Paper
_v(5/07)
520 _aThe concept of reusing foundations is being developed as a response to increasing pressure on available land for development in the inner cities, and to finding more cost-effective and sustainable methods of construction. This paper outlines the principal drivers for the reuse of foundations and discusses why developers building owners and construction professionals should consider it.
651 4 _aUnited Kingdom
_y
690 _aBUILT ENVIRONMENT-BUILDING ELEMENTS-COMPLETE BUILDING ELEMENTS-FOUNDATIONS
700 1 _aPowell, J. J. M.
700 1 _aSkinner, H. D.
942 _n0
999 _c107043
_d107043